00000000nam##2200000za#4500
0019.646055
003CaOODSP
00520200330062210
007ta
008150407|1995||||xxc|||||     f|0| 0 eng|d
020 |a0-662-62112-3
040 |aCaOODSP|beng
043 |an-cn---
0861 |aBT49-4/15-1995E
1101 |aCanada. |bTreasury Board.
24510|aLooking to the future : |bchallenging the cultural and attitudinal barriers to women in the public service / |cPrepared by the Consultation Group on Employment Equity for Women.
260 |aOttawa - Ontario : |bTreasury Board of Canada Secretariat |c1995.
300 |axi, 147p. : |breferences, tables ; |c28 cm.
500 |a"In 1990, the Task Force on Barriers to Women in the Public Service concluded in its report, Beneath the Veneer, that cultural and attitudinal barriers were blocking women from full and equitable participation in the Public Service and that management had to initiate, manage, and demonstrate the necessary change. The Consultation Group on Employment Equity for Women examined what changes have occurred for women in the Public Service since the Task Force offered its recommendations and whether the prevailing culture and attitudes in the Public Service support gender equity."--Executive summary. N.B.: Incorrect catalogue number (BT49-4/15-1995) printed in this publication.
5203 |aIn 1990, the Task Force on Barriers to Women in the Public Service concluded in its report, Beneath the Veneer, that cultural and attitudinal barriers were blocking women from full and equitable participation in the Public Service and that management had to initiate, manage, and demonstrate the necessary change. The Consultation Group on Employment Equity for Women examined what changes have occurred for women in the Public Service since the Task Force offered its recommendations and whether the prevailing culture and attitudes in the Public Service support gender equity.--Executive summary
563 |aSoftcover
590 |a96-19|b1996-05-10
69007|aPublic service|2gcpds
69007|aWomen|2gcpds
77508|tRegard sur l'avenir : |w(CaOODSP)9.679796